Faculty of Law Library — Cairo University

Official Online Catalog

الموسوعة الشاملة فى شرح التشريعات الجنائية الخاصة : (Record no. 76815)

MARC details
000 -LEADER
fixed length control field 02172nam a2200349 i 4500
003 - CONTROL NUMBER IDENTIFIER
control field EG-GICUC
005 - DATE AND TIME OF LATEST TRANSACTION
control field 20260513182228.0
008 - FIXED-LENGTH DATA ELEMENTS--GENERAL INFORMATION
fixed length control field 260513m20022003ua |||fr|||| 00| 0 ara d
017 ## - COPYRIGHT OR LEGAL DEPOSIT NUMBER
Copyright or legal deposit number 2002/5202
040 ## - CATALOGING SOURCE
Original cataloging agency EG-GICUC
Language of cataloging ara
Transcribing agency EG-GICUC
Modifying agency EG-GICUC
Description conventions rda
041 0# - LANGUAGE CODE
Language code of text/sound track or separate title ara
Language code of original ara
082 04 - DEWEY DECIMAL CLASSIFICATION NUMBER
Edition number 21
Classification number 343.4
Item number م ع . م
092 04 - LOCALLY ASSIGNED DEWEY CALL NUMBER (OCLC)
Edition number 21
099 ## - LOCAL FREE-TEXT CALL NUMBER (OCLC)
Classification number Law1 10 343.4 م ع . م 4 ed - 2002
100 0# - MAIN ENTRY--PERSONAL NAME
Personal name معوض عبد التواب
Relator term مؤلف.
245 12 - TITLE STATEMENT
Title الموسوعة الشاملة فى شرح التشريعات الجنائية الخاصة :
Remainder of title يشتمل على التشريعات الجنائية الخاصة الصادرة حتى سنة ۲۰۰۲ معلقاً عليها بالشرح وأحكام القضاء حتى سنة ٢٠٠٢ وأهم القيود والأوصاف والتعليمات العامة للنيابات /
Number of part/section of a work الجزء الأول،
Name of part/section of a work إتحاد الناشرين - أثار - أجانب - أجهزة إطفاء حريق - أحداث - أحكام عسكرية - أحوال مدنية -أدوية - إستثمار - استيراد وتصدير - أسلحة وذخائر - إشتباه وتشرد - إشعاعات - اشعال طريق - إعلانات - أغذية /
Statement of responsibility, etc. تأليف المستشار الدكتور معوض عبد التواب.
250 ## - EDITION STATEMENT
Edition statement الطبعة الرابعة
Remainder of edition statement مزيدة ومنقحة
264 #1 - PRODUCTION, PUBLICATION, DISTRIBUTION, MANUFACTURE, AND COPYRIGHT NOTICE
Place of production, publication, distribution, manufacture القاهرة :
Name of producer, publisher, distributor, manufacturer المركز القومى للإصدارات القانونية،
Date of production, publication, distribution, manufacture, or copyright notice 2002.
300 ## - PHYSICAL DESCRIPTION
Extent 564 ؛ صفحة
Dimensions 25 سم.
Other physical details إيضاحيات، صور، مثيليات ؛
336 ## - CONTENT TYPE
Source rda content
Content type term text
337 ## - MEDIA TYPE
Source rda media
Media type term Computer
338 ## - CARRIER TYPE
Source rda carrier
Carrier type term Online Resource
490 ## - SERIES STATEMENT
Series statement الموسوعة الشاملة فى شرح التشريعات الجنائية الخاصة :
Volume/sequential designation الجزء الأول
504 ## - BIBLIOGRAPHY, ETC. NOTE
Bibliography, etc. note يشتمل على إرجاعات ببليوجرافية.
546 ## - LANGUAGE NOTE
Language note النص باللغة العربية
650 1# - SUBJECT ADDED ENTRY--TOPICAL TERM
Topical term or geographic name entry element القانون الجنائى
Source of heading or term qrmak
650 1# - SUBJECT ADDED ENTRY--TOPICAL TERM
Topical term or geographic name entry element التشريعات الجنائية الخاصة
Source of heading or term qrmak
651 1# - SUBJECT ADDED ENTRY--GEOGRAPHIC NAME
Source of heading or term qrmak
856 40 - ELECTRONIC LOCATION AND ACCESS
Uniform Resource Identifier <a href="https://fll.law.cu.edu.eg/fulltext/bks/B10-12131.pdf">https://fll.law.cu.edu.eg/fulltext/bks/B10-12131.pdf</a>
905 ## - Cataloger and Reviser Names
Cataloger Name: Gomana
942 ## - ADDED ENTRY ELEMENTS (KOHA)
Source of classification or shelving scheme Dewey Decimal Classification
Koha item type Books
Edition 21
Suppress in OPAC No
Holdings
Withdrawn status Lost status Source of classification or shelving scheme Materials specified (bound volume or other part) Damaged status Not for loan Collection Home library Current library Date acquired Total checkouts Full call number Barcode Date last seen Copy number Price effective from Koha item type
    Dewey Decimal Classification V1   Not for loan القانون الجنائي جــــامعة القــاهرة مكتبة كلية الحقوق - المبنى الرئيسي 13.05.2026   Law1 10 343.4 م ع . م 4 ed - 2002 1012131 V1, C1 B10-12131 13.05.2026 1 13.05.2026 Books

© All rights reserved — Faculty of Law, Cairo University